[Event "Moscow op-A 16th"]
[Site "Moscow"]
[Date "2020.01.29"]
[Round "5"]
[White "Dovbnia, Nikita"]
[Black "Simonyan, Grigori"]
[Result "0-1"]
[WhiteElo "1850"]
[BlackElo "2139"]
[PlyCount "104"]
[EventDate "2020.01.25"]
[EventType "swiss"]
[EventRounds "9"]
[EventCountry "RUS"]
[SourceTitle "CBM 194 Extra"]
[Source "ChessBase"]
[SourceDate "2020.03.31"]
[SourceVersion "1"]
[SourceVersionDate "2020.03.31"]
[SourceQuality "1"]

1. d4 Nf6 2. Nf3 c5 3. d5 d6 4. b3 e6 5. dxe6 Bxe6 6. e3 Nc6 7. Be2 Ne4 8. Bb2 Qa5+ 9. Nfd2 Be7 10. c3 d5 11. 0-0 0-0 12. c4 Bf6 13. Qc1 Bxb2 14. Qxb2 Nf6 15. Nc3 d4 16. exd4 Nxd4 17. Bd1 Rad8 18. Nf3 Bg4 19. Nxd4 cxd4 20. Nd5 Nxd5 21. Bxg4 Nc3 22. Qd2 d3 23. Rfe1 Rd4 24. h3 Qb4 25. Rad1 a5 26. Bf3 Nxd1 27. Rxd1 Qxd2 28. Rxd2 b6 29. a4 Re8 30. Kf1 Kf8 31. Bd5 Ke7 32. f3 f5 33. Bc6 Rc8 34. Bb7 Rc7 35. Bd5 Kd6 36. Kf2 Re7 37. g4 g6 38. h4 Kc5 39. h5 Kb4 40. Bg8 Kc3 41. hxg6 hxg6 42. gxf5 Kxd2 43. f6 Re8 44. Bd5 Kc2 45. f7 Rf8 46. Ke3 Rxd5 47. cxd5 d2 48. Ke4 d1Q 49. Ke5 Qxf3 50. d6 Rxf7 51. Kd4 Rf4+ 52. Ke5 Qe4# 0-1

[Event "Dvorkovich Memorial op"]
[Site "Taganrog"]
[Date "2019.01.15"]
[Round "6"]
[White "Simonyan, Grigori"]
[Black "Kovalchuk, Alexey"]
[Result "1/2-1/2"]
[WhiteElo "1959"]
[BlackElo "2414"]
[PlyCount "80"]
[EventDate "2019.01.10"]
[EventType "swiss"]
[EventRounds "9"]
[EventCountry "RUS"]
[SourceTitle "CBM 188 Extra"]
[Source "ChessBase"]
[SourceDate "2019.02.26"]
[SourceVersion "1"]
[SourceVersionDate "2019.02.26"]
[SourceQuality "1"]

1. d4 Nf6 2. c4 g6 3. Nc3 d5 4. Nf3 Bg7 5. Bf4 0-0 6. e3 c5 7. Qb3 Be6 8. Qxb7 Qb6 9. Qxb6 axb6 10. Bxb8 Rfxb8 11. Ng5 Bd7 12. cxd5 cxd4 13. exd4 b5 14. Bd3 b4 15. Ne2 Nxd5 16. Bc4 Ra5 17. Nf3 Nb6 18. Bb3 Na4 19. Bxa4 Rxa4 20. 0-0 Rba8 21. Nc1 Bh6 22. Re1 Be6 23. Nd3 Rxa2 24. Rxa2 Rxa2 25. Nxb4 Rxb2 26. Nc6 Kf8 27. Nxe7 Kxe7 28. d5 Rb6 29. Kf1 Rd6 30. dxe6 Rxe6 31. Ra1 Kf6 32. g3 Bf8 33. Ra5 h6 34. h4 Bb4 35. Rb5 Bc3 36. Rc5 Bb2 37. Rc4 Kg7 38. Rc2 Bf6 39. Kg2 Rb6 40. Nd2 Rb2 1/2-1/2

[Event "Dvorkovich Memorial op"]
[Site "Taganrog"]
[Date "2019.01.14"]
[Round "5"]
[White "Kamenets, Anatolij"]
[Black "Simonyan, Grigori"]
[Result "1/2-1/2"]
[WhiteElo "2294"]
[BlackElo "1959"]
[PlyCount "103"]
[EventDate "2019.01.10"]
[EventType "swiss"]
[EventRounds "9"]
[EventCountry "RUS"]
[SourceTitle "CBM 188 Extra"]
[Source "ChessBase"]
[SourceDate "2019.02.26"]
[SourceVersion "1"]
[SourceVersionDate "2019.02.26"]
[SourceQuality "1"]

1. d4 d5 2. c4 e6 3. Nc3 Be7 4. Nf3 Nf6 5. Bg5 0-0 6. e3 b6 7. Qc2 Bb7 8. Bxf6 Bxf6 9. cxd5 exd5 10. Bd3 g6 11. b4 c5 12. bxc5 bxc5 13. Rb1 cxd4 14. Nxd4 Bxd4 15. exd4 Re8+ 16. Ne2 Ba6 17. 0-0 Bxd3 18. Qxd3 Nc6 19. Rfc1 Qf6 20. Rc5 Rad8 21. g3 Rd6 22. Kg2 Qe6 23. Nc3 Kg7 24. Rb2 Qf6 25. Rd2 Nb4 26. Qb5 Nc6 27. Nxd5 Qd8 28. Rxc6 Rxd5 29. Rc5 Ree5 30. Rxd5 Rxd5 31. Qc4 Qd7 32. h4 h5 33. Qc3 Kh7 34. Qe3 Qg4 35. Qe7 Rd7 36. Qe5 Qe6 37. Qxe6 fxe6 38. Kf3 Kg7 39. Ke4 Kf6 40. Rd3 Rd5 41. Ra3 a5 42. Rb3 a4 43. Rb8 Ra5 44. a3 g5 45. hxg5+ Kxg5 46. Rb6 Kf6 47. Rc6 Rf5 48. f4 Rb5 49. Ra6 Rb3 50. Rxa4 Rxg3 51. Ra6 Ke7 52. a4 1/2-1/2

[Event "Dvorkovich Memorial rapid op"]
[Site "Taganrog"]
[Date "2018.01.14"]
[Round "7"]
[White "Simonyan, Grigori"]
[Black "Ivlev, Aleksey"]
[Result "1-0"]
[WhiteElo "2075"]
[BlackElo "2300"]
[PlyCount "60"]
[EventDate "2018.01.13"]
[EventType "swiss (rapid)"]
[EventRounds "11"]
[EventCountry "RUS"]
[SourceTitle "CBM 182 Extra"]
[Source "ChessBase"]
[SourceDate "2018.02.23"]
[SourceVersion "1"]
[SourceVersionDate "2018.02.23"]
[SourceQuality "1"]

1. e4 e5 2. Nf3 Nc6 3. Bc4 Bc5 4. 0-0 Nf6 5. Re1 0-0 6. d3 a6 7. c3 d6 8. Bb3 Ba7 9. Nbd2 Be6 10. Nf1 d5 11. exd5 Bxd5 12. Nxe5 Nxe5 13. Rxe5 Bxb3 14. axb3 Qd7 15. Be3 Ng4 16. Rg5 Nxe3 17. Nxe3 h6 18. Qg4 Qxg4 19. Rxg4 Rad8 20. d4 c5 21. d5 f5 22. Rf4 g6 23. c4 Bb8 24. Rf3 Rfe8 25. g3 Re4 26. Kf1 Rde8 27. Ra5 Ba7 28. h3 Bb6 29. Ra1 Bc7 30. Rd1 Bd6 1-0

[Event "Dvorkovich Memorial rapid op"]
[Site "Taganrog"]
[Date "2018.01.14"]
[Round "9"]
[White "Simonyan, Grigori"]
[Black "Triapishko, Alexandr"]
[Result "0-1"]
[WhiteElo "2075"]
[BlackElo "2531"]
[PlyCount "46"]
[EventDate "2018.01.13"]
[EventType "swiss (rapid)"]
[EventRounds "11"]
[EventCountry "RUS"]
[SourceTitle "CBM 182 Extra"]
[Source "ChessBase"]
[SourceDate "2018.02.23"]
[SourceVersion "1"]
[SourceVersionDate "2018.02.23"]
[SourceQuality "1"]

1. d4 Nf6 2. c4 g6 3. Nc3 d5 4. cxd5 Nxd5 5. e4 Nxc3 6. bxc3 Bg7 7. Bc4 c5 8. Ne2 Nc6 9. Be3 0-0 10. 0-0 b6 11. dxc5 Qc7 12. cxb6 axb6 13. Rb1 Ne5 14. Bd5 Rb8 15. Qb3 Ba6 16. Rfe1 e6 17. Bxe6 fxe6 18. Qxe6+ Qf7 19. Qxf7+ Rxf7 20. Rxb6 Rxb6 21. Bxb6 Rb7 22. f4 Nd3 23. Rb1 Bf8 0-1

[Event "Dvorkovich Memorial op"]
[Site "Taganrog"]
[Date "2017.01.20"]
[Round "8"]
[White "Shubin, Alexey"]
[Black "Simonyan, Grigori"]
[Result "0-1"]
[WhiteElo "2114"]
[BlackElo "1866"]
[PlyCount "120"]
[EventDate "2017.01.13"]
[EventType "swiss"]
[EventRounds "9"]
[EventCountry "RUS"]
[SourceTitle "CBM 176 Extra"]
[Source "ChessBase"]
[SourceDate "2017.03.02"]
[SourceVersion "1"]
[SourceVersionDate "2017.03.02"]
[SourceQuality "1"]

1. e4 c5 2. Nf3 Nc6 3. d4 cxd4 4. Nxd4 Nf6 5. Nc3 a6 6. Nxc6 bxc6 7. e5 Ng8 8. Be3 d5 9. Be2 e6 10. 0-0 c5 11. Bd2 Ne7 12. Qe1 Nc6 13. f4 Be7 14. Qg3 g6 15. Na4 Nd4 16. Bd1 Bd7 17. c3 Ne2+ 18. Bxe2 Bxa4 19. b3 Bb5 20. Qf2 Bxe2 21. Qxe2 Qb6 22. c4 d4 23. Qe4 Rc8 24. Rf3 Qc6 25. Qd3 Bd8 26. Rc1 a5 27. Kf1 Bb6 28. a3 Ke7 29. Rc2 Rb8 30. b4 axb4 31. axb4 cxb4 32. Bxb4+ Bc5 33. Bxc5+ Qxc5 34. Qa3 Rhc8 35. Qxc5+ Rxc5 36. Ke2 f6 37. exf6+ Kxf6 38. Kd3 Rd8 39. Ke4 Rd7 40. Kd3 Kf5 41. h3 h5 42. Rb2 Ra5 43. Rb3 Rd8 44. Rf2 Rd7 45. g3 Ra1 46. Rd2 Rg1 47. Rb5+ Kf6 48. Rg5 e5 49. h4 exf4 50. Rf2 Rd1+ 51. Kc2 Rg1 52. Rxf4+ Kg7 53. Rf3 Ra1 54. Rd3 Ra6 55. Kb3 Rb6+ 56. Rb5 Rxb5+ 57. cxb5 Kf6 58. Kc4 Ke5 59. b6 Ke4 60. Rb3 d3 0-1

[Event "Dvorkovich Memorial op"]
[Site "Taganrog"]
[Date "2017.01.18"]
[Round "6"]
[White "Bogdanov, Rodion"]
[Black "Simonyan, Grigori"]
[Result "1-0"]
[WhiteElo "2035"]
[BlackElo "1866"]
[PlyCount "65"]
[EventDate "2017.01.13"]
[EventType "swiss"]
[EventRounds "9"]
[EventCountry "RUS"]
[SourceTitle "CBM 176 Extra"]
[Source "ChessBase"]
[SourceDate "2017.03.02"]
[SourceVersion "1"]
[SourceVersionDate "2017.03.02"]
[SourceQuality "1"]

1. b3 e5 2. Bb2 d6 3. d4 exd4 4. Qxd4 Nf6 5. e4 Nc6 6. Qe3 Be6 7. Nc3 Be7 8. g3 Ng4 9. Qd2 a6 10. h3 Nf6 11. Bg2 b5 12. f4 Nh5 13. Nge2 Bd7 14. Nd5 Nf6 15. Nxe7 Qxe7 16. Qe3 0-0-0 17. a4 b4 18. Qd3 Kb7 19. e5 dxe5 20. fxe5 Ne8 21. 0-0-0 Qc5 22. Nd4 Rc8 23. Nxc6 Bxc6 24. Bd4 Qa5 25. Bxc6+ Kxc6 26. Qc4+ Kb7 27. Bc5 c6 28. Rd7+ Rc7 29. Rhd1 g6 30. Qxb4+ Qxb4 31. Bxb4 Kc8 32. Rd8+ Kb7 33. Ba5 1-0